Datum a čas kvízu
39
Celkem bodů
Celkový počet nahraných bodů na tomto kvízu bez doplňovacích otázek.
3.
Pořadí na kvízu
Konečné umístění týmu na tomto kvízu.
Zaznamenané odpovědi
| # | Otázka | Odpověď | Body | Výsledky |
|---|---|---|---|---|
| 1. | V pátek a sobotu se v Kolovči... | A) na Chodsku | 1 | |
| 2. | Příznivci alternativního divad... | C) automobily, autobusy a bagry | 1 | |
| 3. | Minulý týden bylo odtajněno po... | Libor Bouček; Žolík | 1 | |
| 4. | Speciálem etiopských aerolinií... | Lucy | 1 | |
| 5. | Vítěz aktuálního ročníku Ligy... | Paris Saint-Germain FC; Gianluigi Donnarumma | 1 | |
| 6. | Hned v první otázce se zaměřím... | 1A 2D 3C 4B | 1 | |
| 7. | Z následujících možností vyber... | A | 1 | |
| 8. | Který z těchto výroků o prezid... | B | 1 | |
| 9. | NW Präsident byl v roce 1897 p... | Tatra, Kopřivnice | 1 | |
| 10. | Která zpěvačka nahrála skladbu... | Pink | 1 |